000 00327 a2200121 4500
000 nam a22 7a 4500
005 20260507150503.0
020 _a9789348409928
100 _a Pt. Gauridutt Sharma, Ed. Garima Srivastava
_91238777
245 _aDevrani Jethani Ki Kahani
260 _bAnanya Prakashan
_c2025
942 _cTEXL
999 _c1851109
_d1851109